00626nam a2200157Ia 450000500170000000800410001702000180005808200180007610000230009424500740011726000380019194200120022999900190024195201040026095201040036420250516145652.0250516s9999 xx 000 0 und d a9780226695938 a616.8982bMIT aMitchell, W. J. T. 0aMental Traveler: A Father, A Son, And A Journey Through Schizophrenia bUniversity of Chicago Pressc2020 cENGLISH c571150d571150 00104070aACLbACLc5Bd2025-05-16l0o616.8982 MITp702648r2025-05-16 14:56:52w2025-05-16yREF 00104070aACLbACLc5Bd2025-05-16l0o616.8982 MITp702647r2025-05-16 14:56:52w2025-05-16yREF